000 00527nam a2200193Ia 4500
005 20250326141705.0
008 250326s9999 xx 000 0 und d
020 _a0-13-071242-6
037 _aTextbook
040 _aFMSL
_beng
_cFMSL
041 _aeng
_2eng
084 _aX65.7 M8
_qFMSL
100 _aPritchard R E
245 0 _aBe Your own ficial advisor
_cPritchard R E
260 _aNew Jersey
_bNew Jersey, Prentice Hall
_c1988
300 _a201p
942 _cTB
_hX65.7 M8
999 _c1291508
_d1291508